[Event "Hoogovens 5'"]
[Site "Wijk aan Zee"]
[Date "1999.01.18"]
[Round "8"]
[White "Sokolov, Ivan"]
[Black "Topalov, Veselin"]
[Result "1-0"]
[WhiteElo "2610"]
[BlackElo "2700"]
[PlyCount "159"]
[EventDate "1999.01.18"]
[EventType "tourn (blitz)"]
[EventRounds "13"]
[EventCountry "NED"]
[EventCategory "17"]
[SourceTitle "CBM 068 Extra"]
[Source "ChessBase"]
[SourceDate "1999.03.01"]
[SourceVersion "1"]
[SourceVersionDate "1999.03.01"]
[SourceQuality "1"]

1. d4 g6 2. e4 d6 3. c3 Bg7 4. Nf3 Nf6 5. Qc2 O-O 6. Be2 b6 7. Bg5 c5 8. O-O
Bb7 9. d5 h6 10. Bh4 Nbd7 11. Nbd2 Re8 12. Nc4 Qc7 13. a4 e6 14. Bg3 Nxe4 15.
Qxe4 exd5 16. Qc2 dxc4 17. Bxc4 Be4 18. Qb3 Ne5 19. Nxe5 Bxe5 20. f4 Bg7 21.
Rae1 Bf5 22. Bd5 Rad8 23. Bh4 Rb8 24. h3 h5 25. Qb5 Kf8 26. Qc4 Rxe1 27. Rxe1
Re8 28. Rxe8+ Kxe8 29. Qe2+ Kf8 30. g4 hxg4 31. hxg4 Bc8 32. Kf2 Bb7 33. Qe4
Bxd5 34. Qxd5 Kg8 35. f5 gxf5 36. gxf5 Qd7 37. f6 Qg4 38. Qg5 Qxg5 39. Bxg5 Bh8
40. Kf3 Kh7 41. Ke4 Kg6 42. Bf4 Kxf6 43. Bxd6 Ke6 44. Bb8 f5+ 45. Kd3 a6 46.
Ba7 Kd5 47. Bxb6 c4+ 48. Ke3 Bg7 49. Kf4 Ke6 50. Kg5 Bf6+ 51. Kf4 Bg7 52. Kg5
Bf8 53. Bd4 Bd6 54. Be3 Bg3 55. Bd4 Be1 56. Kf4 Bd2+ 57. Kf3 Bc1 58. Ke2 Bxb2
59. Kd2 Ba3 60. Ke3 Kd5 61. Kf4 Ke6 62. Kf3 Bd6 63. Ke3 Kd5 64. Kf3 Ke6 65. Ke3
Bh2 66. Kf3 Kd5 67. Bg7 Be5 68. Bh6 Bxc3 69. Bc1 Be5 70. Ba3 c3 71. Bc1 Kc4 72.
Ba3 c2 73. Bc1 Kd3 74. Ba3 f4 75. Bc1 Bd6 76. Bb2 Kd2 77. Ke4 Bc5 78. Kxf4 Bd4
79. Ba3 Kd1 80. Ke4 1-0

[Event "Hoogovens 5'"]
[Site "Wijk aan Zee"]
[Date "1999.01.18"]
[Round "9"]
[White "Topalov, Veselin"]
[Black "Piket, Jeroen"]
[Result "1-0"]
[WhiteElo "2700"]
[BlackElo "2609"]
[PlyCount "69"]
[EventDate "1999.01.18"]
[EventType "tourn (blitz)"]
[EventRounds "13"]
[EventCountry "NED"]
[EventCategory "17"]
[SourceTitle "CBM 068 Extra"]
[Source "ChessBase"]
[SourceDate "1999.03.01"]
[SourceVersion "1"]
[SourceVersionDate "1999.03.01"]
[SourceQuality "1"]

1. Nf3 Nf6 2. c4 g6 3. e4 Bg7 4. Nc3 d6 5. d4 O-O 6. Be2 Bg4 7. Be3 Nfd7 8. Rc1
a6 9. d5 Bxf3 10. Bxf3 b5 11. Be2 b4 12. Na4 c5 13. h4 Nb6 14. Nxb6 Qxb6 15.
Qd2 Nd7 16. h5 Rae8 17. hxg6 fxg6 18. Bg4 Nf6 19. Be6+ Rf7 20. f3 Ref8 21. Ke2
Ne8 22. Rh3 Nc7 23. Rch1 h5 24. g4 hxg4 25. Bxg4 b3 26. a3 Qb8 27. Bh6 Bd4 28.
Qg5 Qe8 29. Qxg6+ Rg7 30. Qxe8 Rxe8 31. Bxg7 Bxg7 32. Bh5 Rf8 33. Rg1 Kh7 34.
Bf7+ Bh6 35. Rg6 1-0

[Event "Amber-rapid 08th"]
[Site "Monte Carlo"]
[Date "1999.03.21"]
[Round "5"]
[White "Topalov, Veselin"]
[Black "Ljubojevic, Ljubomir"]
[Result "1-0"]
[WhiteElo "2700"]
[BlackElo "2571"]
[PlyCount "73"]
[EventDate "1999.03.16"]
[EventType "tourn (rapid)"]
[EventRounds "11"]
[EventCountry "MNC"]
[EventCategory "18"]
[SourceTitle "CBM 069 Extra"]
[Source "ChessBase"]
[SourceDate "1999.05.10"]
[SourceVersion "1"]
[SourceVersionDate "1999.05.10"]
[SourceQuality "1"]

1. d4 Nf6 2. c4 e6 3. Nf3 b6 4. g3 Bb4+ 5. Bd2 Be7 6. Bg2 Bb7 7. Nc3 d5 8. cxd5
exd5 9. O-O O-O 10. Bf4 a6 11. Qb3 Nc6 12. Rad1 Na5 13. Qc2 Nc4 14. Ne5 Nd6 15.
Bg5 Nfe4 16. Bxe7 Qxe7 17. e3 Rad8 18. Nxe4 dxe4 19. Rc1 c5 20. dxc5 Qxe5 21.
cxd6 Rxd6 22. Qc7 Qd5 23. Bh3 f5 24. b3 Rf7 25. Qc3 Rfd7 26. Rfe1 h5 27. Bf1
Kh7 28. Bc4 Qd2 29. Qe5 g6 30. a4 Qb4 31. Be6 Rg7 32. Red1 Rxd1+ 33. Rxd1 b5
34. axb5 axb5 35. Rd8 Qa5 36. Bg8+ Kh8 37. Rd7 1-0

[Event "Sarajevo Bosnia 29th"]
[Site "Sarajevo"]
[Date "1999.05.19"]
[Round "3"]
[White "Bareev, Evgeny"]
[Black "Topalov, Veselin"]
[Result "1-0"]
[WhiteElo "2679"]
[BlackElo "2700"]
[Annotator "Golod,V"]
[PlyCount "85"]
[EventDate "1999.05.17"]
[EventType "tourn"]
[EventRounds "9"]
[EventCountry "BIH"]
[EventCategory "19"]
[SourceTitle "CBM 071"]
[Source "ChessBase"]
[SourceDate "1999.08.01"]
[SourceVersion "1"]
[SourceVersionDate "1999.08.01"]
[SourceQuality "1"]

{[%mdl 1]} 1. d4 {Ftacnik} Nf6 2. c4 e6 3. Nc3 Bb4 4. Qc2 O-O 5. a3 Bxc3+ 6.
Qxc3 b6 7. Nf3 Bb7 8. e3 d6 {Is the main line.} 9. b3 Ne4 (9... Nbd7 $5 {
-is the main line.See comments to Timman,J-Karpov,A/FIDE-ch,NLD/INA,1993/CBM
36(1/2-1/2)(Ftacnik)(19)}) ({Slightly worse is:} 9... a5) 10. Qc2 f5 ({In my
opinion better is:} 10... Nd7 $5) 11. Bb2 (11. Be2 Nd7 (11... Ng5 $5) 12. O-O
Ng5 13. Nxg5 Qxg5 14. d5 Qg6 15. Bb2 a5 16. Rad1 e5 17. f4 $14 {1-0 Kozul,
Z-Grosar,A/Nova Gorica 1997/CBM 56 ext (58)}) 11... Ng5 $6 $146 {[%mdl 8]
Ftacnik: 'Black wants to benefit from pressure along a8-h1 diagonal, but the
idea is tactically unsound.'} (11... Nd7 $142 12. Bd3 $5 {-transfers to 9...
Nbd7} (12. Be2 $5 {/\0-0,Ne1,f3}) (12. Rd1 $5)) 12. d5 $1 {-is the best
reaction to-11...Ng5} ({Senseless:} 12. Be2 $6 {in view of} Nxf3+ 13. gxf3 $11)
12... exd5 $140 ({Dubious:} 12... Nxf3+ 13. gxf3 exd5 14. Rg1 $40) ({After:} 
12... e5 $6 13. Be2 {white has a big positional advantage.}) 13. O-O-O c5 $2 ({
Can be recommended for black:} 13... dxc4 14. Bxc4+ Kh8 (14... d5 $2 15. Nxg5
Qxg5 16. Rxd5 $1 {[%csl Ra8,Rg8]} Kh8 17. h4 Qh5 (17... Qxg2 $2 18. Rdd1 $1 {
[%csl Rg7][%cal Gh1g1]} Qxh1 19. Rxh1 Bxh1 20. Qc3 Rf6 $8 21. Qxf6 gxf6 22.
Bxf6#) (17... Qg6 $2 18. h5 $18) 18. Rh3 $1 {[%csl Rg7][%cal Gh3g3]} Bxd5 19.
Rg3 $1 $18) 15. Qc3 $1 (15. Nxg5 $6 Qxg5 16. h4 Qh6 $13 {[%cal Gb8d7,Gd7e5,
Gd7f6]}) 15... Qe7 $8 16. Qxg7+ Qxg7 17. Bxg7+ Kxg7 18. Nxg5 $14 Kg6 $140 19.
Ne6 Rc8 20. Nf4+ Kf6 21. Nd5+ {with a positional advantage in the endgame.})
14. cxd5 Ba6 ({After:} 14... Nd7 15. Bd3 {[%csl Rf5] white has a strong
initiative.}) ({Dubious:} 14... Ne4 {in view of:} 15. g4 $40) 15. h4 $1 Nxf3 (
15... Ne4 $5 16. g4 $1 {[%csl Re4,Yf5][%cal Gg4f5] (Huzman,A)} Nxf2 17. Qxf2
fxg4 (17... Bxf1 $4 18. Rhxf1 fxg4 19. Qg3 $18 {[%csl Rg7]}) 18. Bxa6 Rxf3 ({
Identically-} 18... Nxa6 19. Qe2 Rxf3 20. Qxa6) 19. Qe2 Nxa6 20. Qxa6 {+/=/+/-}
) 16. gxf3 Bxf1 17. Rdxf1 $16 {with the idea Rfg1,Rg5,Rhg1->} Nd7 18. Rfg1 {
Ftacnik: 'From higher point of view black is quite lost. White will increase
pressure along a1-h8 diagonal and g file. In proper moment the h file can be
open with the march of h pawn.'} Rf7 (18... Ne5 {Ftacnik} 19. f4 Ng4 20. f3 Nf6
21. Qxf5 $18) 19. Rg5 c4 (19... g6 $143 20. Rhg1 {[%csl Rg6][%cal Gh4h5]}) (
19... Qf8 $143 20. Rhg1 Ne5 21. f4 Ng4 22. e4 $1) 20. bxc4 Rc8 21. Rxf5 $1 (21.
Rhg1 $6 Ne5 22. Kb1 $14) 21... Rxc4 $6 ({Slightly better is:} 21... Rxf5 22.
Qxf5 Rxc4+ 23. Kb1 $16) 22. Qxc4 Rxf5 23. Bxg7 $1 {[%mdl 64] After this move
white has a forcing win! Ftacnik: 'Beautiful idea opens access to black king.'}
Kxg7 $8 24. Qg4+ Kf6 $8 25. e4 Re5 (25... Qc7+ $144 {-see 26...Qc7+}) 26. f4
Qc7+ (26... Rxe4 $2 27. Qg5+ {[%csl Rd8]}) ({Also loses:} 26... Re7 27. Rg1 {
[%csl Rf6][%cal Gg4f5]} Kf7 28. Qh5+ $1 Kf8 $8 29. Qh6+ Kf7 30. Rg7+ Ke8 31.
Rg8+ $18) ({Slightly better:} 26... Re8 27. Rg1 {[%csl Rf6][%cal Gg4g7,Gg4f5]}
Qc7+ 28. Kb1 Ke7 29. Qg5+ Nf6 $8 30. e5 $18) 27. Kb1 Qc3 {Ftacnik: 'An act of
desperation, since the retreat of the rook will cost the life of her royal
master.'} (27... Rxe4 28. Rg1 {[%cal Gg4g7]} Re7 29. Qg5+ Kf7 30. Qh5+ {
and mate in 8}) (27... Re7 28. Rg1 {and mate in 5}) (27... Re8 $142 28. Rg1 Ke7
29. Qg5+ Nf6 30. e5 $18) 28. fxe5+ Nxe5 29. Qe6+ Kg7 30. Rg1+ Ng6 31. Qe7+ Kg8
32. Qe8+ Kg7 33. Qe7+ $138 Kg8 34. Qe8+ Kg7 35. Qb5 $1 $18 {[%csl Rc3,Rg7]
[%cal Gb5b2]} Kf7 36. h5 Ne5 37. Qb2 Qf3 (37... Qd3+ 38. Qc2 Qxa3 39. Qc7+ {
[%csl Rf7]}) 38. Qc2 Kf6 39. Ka2 b5 40. Rg3 Qf4 41. Qe2 {[%cal Ge2e3]} Qc1 42.
f4 $1 Qxf4 43. Rg2 {[%csl Rf4,Rf6][%cal Gg2f2]} 1-0

[Event "Sarajevo Bosnia 29th"]
[Site "Sarajevo"]
[Date "1999.05.24"]
[Round "7"]
[White "Topalov, Veselin"]
[Black "Sokolov, Ivan"]
[Result "1/2-1/2"]
[WhiteElo "2700"]
[BlackElo "2624"]
[Annotator "Huebner,R"]
[PlyCount "68"]
[EventDate "1999.05.17"]
[EventType "tourn"]
[EventRounds "9"]
[EventCountry "BIH"]
[EventCategory "19"]
[SourceTitle "CBM 071"]
[Source "ChessBase"]
[SourceDate "1999.08.01"]
[SourceVersion "1"]
[SourceVersionDate "1999.08.01"]
[SourceQuality "1"]

1. Nf3 d5 2. d4 c6 3. c4 dxc4 4. e3 Be6 5. a4 Nf6 6. Nc3 h6 {Dies ist ein
neuer, solider Versuch. In der Vorgängerpartie erhielt Weiß einigen Vorteil
nach} (6... Bd5 7. Ne5 e6 8. f3 c5 9. e4 cxd4 10. exd5 dxc3 11. Bxc4 Bd6 12.
dxe6 fxe6 13. Qe2 O-O 14. O-O Qc7 15. f4 Kh8 16. bxc3 {0-1 Haimovich,
T-Bykhovsky,A/Herzliya 1998/EXT 99 (75)}) 7. Ne5 Nbd7 8. Nxc4 Bf5 9. Qb3 $6 (9.
f3 $5 {gefällt mir besser.}) 9... Qc7 10. f3 e5 {Damit erreicht Schwarz eine
ausgeglichene Stellung.} 11. dxe5 ({Die Folge} 11. Nxe5 Nxe5 12. dxe5 Be6 {
führt zum Vorteil für Schwarz.}) 11... Nc5 12. Qa2 Nd5 13. Nxd5 (13. e4 Nb4 14.
Qb1 Be6 {ist für Weiß natürlich nicht empfehlenswert.}) 13... cxd5 14. Nd6+
Bxd6 15. exd6 Qxd6 16. Bb5+ Bd7 17. b4 Ne6 18. Bxd7+ Qxd7 19. O-O O-O 20. Rd1
Rfd8 21. Bb2 Rac8 22. Rac1 Rxc1 23. Rxc1 d4 24. Bxd4 Nxd4 25. exd4 Qxd4+ 26.
Qf2 Qxb4 27. Qxa7 Rd2 28. Kh1 Ra2 29. Qb8+ Kh7 30. Qe5 Rxg2 31. Kxg2 Qd2+ 32.
Kg3 Qxc1 33. Qe4+ g6 34. Qxb7 Qg1+ 1/2-1/2

[Event "Frankfurt-West Masters"]
[Site "Frankfurt"]
[Date "1999.06.29"]
[Round "2"]
[White "Lutz, Christopher"]
[Black "Topalov, Veselin"]
[Result "0-1"]
[WhiteElo "2610"]
[BlackElo "2700"]
[Annotator "Kaspi,A"]
[PlyCount "161"]
[EventDate "1999.06.29"]
[EventType "tourn (rapid)"]
[EventRounds "14"]
[EventCountry "GER"]
[EventCategory "16"]
[SourceTitle "CBM 072"]
[Source "ChessBase"]
[SourceDate "1999.10.01"]
[SourceVersion "1"]
[SourceVersionDate "1999.10.01"]
[SourceQuality "1"]

1. e4 {Tyomkin,D That is a rapid chess game, and as it usually happens in this
kind of chess, players make mistakes much more often. But sometimes those
games are much more spectacular, because of the same reason - even top guys
make mistakes quite often and the evaluations vary each few moves.} d6 2. d4
Nf6 3. Nc3 g6 4. Nf3 Bg7 5. Be2 O-O 6. O-O c6 7. a4 Nbd7 8. a5 Qc7 $146 (8...
e5 9. dxe5 dxe5 10. b3 (10. a6 Qc7 (10... b6 11. Qd6 Nc5 12. Qxd8 Rxd8 13. Nxe5
Nfxe4 14. Nxe4 Bxe5 15. Nxc5 bxc5 16. Ra5 $1) 11. axb7 Bxb7 12. Be3 Ng4 13. Bg5
Nc5 14. Bc4 h6 15. b4 Nxe4 16. Nxe4 hxg5 17. Nfxg5 Nh6 18. Qd6 $16 {1/2-1/2
Loginov,V-Lukin,A/St.Petersburg 1996/CBM 56 ext (91)}) 10... Re8 11. Bc4 h6 12.
Qe2 Qc7 13. Rd1 Bf8 14. Nh4 {[%cal Rh4g6]} Kg7 15. Bxh6+ $1 Kxh6 16. Bxf7 Bb4
17. Bxg6 $16 {1-0 Sutovskij,E-Delemarre,J/Bratislava 1993/TD (40)}) 9. Be3 e5
10. dxe5 dxe5 11. h3 Rd8 12. Qb1 {Such an interesting monouvre of queen.White
tranfers the queen to line "a",changing the defender of a5-pawn.} Nf8 13. Qa2
Be6 14. Qa3 h6 15. Rfd1 N8d7 16. Nd2 (16. Qa4 $142 Bf8 17. Bc4 b5 18. axb6 axb6
19. Qb3 $11) 16... Bf8 17. b4 (17. Qa4 Nc5 {forcing favourable exchnge of Be3.}
) 17... c5 18. b5 c4 19. Qb2 b6 20. axb6 axb6 21. Nf3 (21. Ndb1 $5 Rxa1 22.
Qxa1 {[%cal Gc3d5,Yb1c3]}) 21... Rxa1 22. Qxa1 Rc8 23. Nd5 Bxd5 24. exd5 Ne4
$15 {coming to the block on d6.} 25. Nd2 Nd6 {[%csl Rb5,Rd5,Gd6]} 26. g4 $6 {
It weekens the kingside and creates an attacking targets for black.} (26. Qa6
f5 27. f3 Re8 {[%cal Ge5e4]}) 26... Bg7 27. Qb1 f5 {[%cal Rf5f4]} 28. Nf3 f4
29. Bc1 g5 {The main problem of white that he can not block e4-square.} 30. Ba3
Nc5 31. Nd2 (31. Bb2 $2 Nce4 $17) 31... c3 32. Nc4 e4 33. Nxd6 Qxd6 34. Bxc5
bxc5 $1 (34... Qxc5 $2 35. d6 f3 36. Bxf3 $1 exf3 37. Qb3+ Kh7 38. Rd5 Qc4 39.
Qxc4 Rxc4 40. d7 Bf6 41. Rf5 (41. d8=Q Bxd8 42. Rd7+ Kg6 43. Rxd8 Rb4 $132)
41... Rd4 42. Rxf6 Rxd7 43. Rxf3 Rd5 $16) 35. f3 $2 (35. Qa2 $1 {[%cal Ya2g8,
Ga2a6]} f3 36. Bf1 Rf8 (36... Qf4 $2 37. d6+ Kh8 38. Qe6 $18) (36... Bd4 37.
Qa6 Bxf2+ 38. Kxf2 Qh2+ 39. Ke3 Qf4+ 40. Kf2 $11) 37. Qa6 Qf4 38. Qe6+ Kh8 39.
d6 Qd2 $132) 35... Rb8 36. Qb3 (36. fxe4 $2 f3 37. Bxf3 Qg3+ 38. Bg2 Be5 39.
Rd3 Qh2+ 40. Kf1 Bd4 $19) 36... Bd4+ 37. Kg2 Kg7 38. Qc4 Qe5 39. d6 $138 (39.
Ra1 exf3+ (39... Re8 40. Ra7+ Kh8 41. Kh1 $1 $14 {[%csl Rd3,Rh7][%cal Gd3h7]})
40. Bxf3 Qe3 41. Qe2 Rxb5 42. Ra7+ $11 {[%cal Ga7a8,Ya8a7]}) 39... Qxd6 40. Ra1
Qe7 41. Qd5 exf3+ 42. Qxf3 Re8 43. Bd3 Qc7 44. b6 (44. Ra6 {[%cal Ga6g6]} Re3
45. Rg6+ Kf8 46. Qa8+ Ke7 47. b6 f3+ (47... Qe5 48. Qb7+ Kf8 49. Qc8+ Ke7 50.
Qb7+ $11) 48. Qxf3 Qb8 49. Rg7+ Kd6 50. Qf7 Bxg7 51. Qxg7 $17) 44... Qxb6 45.
Qd5 Qc7 46. Rb1 Re7 47. Qf5 f3+ $1 48. Qxf3 c4 49. Be4 Qe5 50. Re1 (50. Bf5
Qe2+ (50... Bc5 $2 51. Rb7 $11) 51. Qxe2 Rxe2+ 52. Kf3 Re3+ 53. Kg2 Be5 $17 {
[%cal Ge3g3]}) 50... Rf7 51. Qe2 Rf2+ 52. Qxf2 Bxf2 53. Kxf2 Qd4+ 54. Kf1 Qd2
55. Re2 Qf4+ 56. Kg2 Qc1 57. Bf3 Kf6 58. Rf2 $2 {White missed a wat to create
simple fortress:} (58. Bd5 $11 {[%cal Rd5c4,Rc4d3]}) 58... Ke5 $19 {[%csl Rc2]
[%cal Ge5d4,Gd4c5,Gc5a3,Ga3c1] Now black king has an entry through the
queenside.} 59. Re2+ Kd4 60. Re4+ Kc5 61. Re2 Kb4 62. Rf2 Ka3 63. Be4 Kb2 64.
Bf5 {White cannot keep the bishop on big diagonal, because of sacrifice on-c2.}
Qe3 {The next step of blacks plan is to capture big diagonal a8-h1 by queen
and then to insert the king. But the win of black is still a big question.} 65.
Bg6 Qe5 66. Bf5 Qd5+ 67. Kg1 Kc1 68. Rf1+ Kd2 69. Rf2+ Ke3 70. Rf1 Qd2 71. Kh1
Qe2 72. Ra1 $2 (72. Kg1 $142) 72... Kf4 73. Rg1 h5 74. Bc8 h4 $2 (74... Qxc2
$19) 75. Bf5 Kf3 76. Bc8 $6 (76. Bh7 Ke3 77. Rg2 (77. Bf5 Qf3+ 78. Kh2 Kf2 {
[%cal Rf3g3]}) 77... Qf1+ 78. Kh2 Kf3 79. Rg1 Qf2+ 80. Kh1 Qa7 81. Bf5 Ke2 $19)
76... Qxc2 77. Bb7+ Kf4 78. Bc6 Ke5 79. Bg2 Qd2 80. Rf1 c2 81. Ra1 0-1

[Event "Frankfurt-West Masters"]
[Site "Frankfurt"]
[Date "1999.06.30"]
[Round "6"]
[White "Topalov, Veselin"]
[Black "Polgar, Judit"]
[Result "1-0"]
[WhiteElo "2700"]
[BlackElo "2677"]
[Annotator "Huzman,A"]
[PlyCount "49"]
[EventDate "1999.06.29"]
[EventType "tourn (rapid)"]
[EventRounds "14"]
[EventCountry "GER"]
[EventCategory "16"]
[SourceTitle "CBM 072"]
[Source "ChessBase"]
[SourceDate "1999.10.01"]
[SourceVersion "1"]
[SourceVersionDate "1999.10.01"]
[SourceQuality "1"]

1. Nf3 Nf6 2. c4 g6 3. Nc3 Bg7 4. e4 d6 5. d4 O-O 6. Be2 e5 7. O-O Nc6 8. d5
Ne7 9. b4 a5 10. Ba3 Nh5 11. c5 Nf4 12. b5 $1 {[%cal Gb5b6] /\b6} b6 (12... Bg4
13. Nd2 Nxe2+ 14. Nxe2 dxc5 15. Bxc5 b6 16. Ba3 Re8 17. Nc4 Nc8 18. Qd3 $14 {
0-1 Piket,J-Nunn,J/Amsterdam 1995/CBM 49 (40) Nunn,J: /\ Rac1} (18. Rc1 Bh6 (
18... Na7 19. Rb1 $16) 19. Rc2 Na7 20. Qb1 $16)) 13. cxd6 cxd6 14. Rc1 (14. Nd2
$5 f5 15. Nc4 Rf6 16. Rc1 $36 (16. Nxe5 $2 Rf8 $17 {0-1 Iskusnyh,S-Ulko,J/
Moscow 1999/CBM 70_07 (28)})) 14... Bh6 (14... f5 15. Re1 Bb7 16. Nd2 $14) 15.
Nd2 f5 16. Re1 Bb7 17. Bf1 $16 {[%cal Gg2g3,Gd2c4,Gc4d6,Ga3d6]} Rc8 18. Nc4 Rf6
19. Rc2 Rc7 $2 (19... Bg7 $142 20. Bc1 $1 (20. g3 Nh3+ $1 21. Kg2 Ng5 $132) (
20. Na4 fxe4 21. Naxb6 Rb8 22. Rd2 Bh6 $132) 20... Rf8 21. g3 Nh5 (21... Nh3+
22. Kg2 $18) 22. Be3 $1 (22. Ba3 $5 Rf6 23. exf5 Nxf5 24. Ne4 Nd4 $1 25. Nxf6+
Qxf6 26. Bg2 $1 Nxc2 27. Qxc2 $16) 22... fxe4 23. Bxb6 $18) 20. Nxe5 $1 Nexd5 (
20... dxe5 21. d6 Rd7 (21... Rxc3 22. dxe7 Qxd1 23. Rxd1 $18) 22. dxe7 Rxd1 23.
Rxd1 Qe8 24. Rd8 Kf7 25. Bc4+ Ne6 26. Rxe8 Kxe8 27. Bxe6 Rxe6 28. Nd5 $18) 21.
Nxd5 $1 Nxd5 (21... Bxd5 22. exd5 dxe5 23. Rxe5 $18) 22. Nc6 $1 $18 Bxc6 23.
bxc6 Nb4 24. Bxb4 axb4 25. e5 $1 1-0

[Event "Frankfurt-West Masters"]
[Site "Frankfurt"]
[Date "1999.06.30"]
[Round "7"]
[White "Leko, Peter"]
[Black "Topalov, Veselin"]
[Result "1-0"]
[WhiteElo "2694"]
[BlackElo "2700"]
[Annotator "Gershon,A"]
[PlyCount "79"]
[EventDate "1999.06.29"]
[EventType "tourn (rapid)"]
[EventRounds "14"]
[EventCountry "GER"]
[EventCategory "16"]
[SourceTitle "CBM 072"]
[Source "ChessBase"]
[SourceDate "1999.10.01"]
[SourceVersion "1"]
[SourceVersionDate "1999.10.01"]
[SourceQuality "1"]

1. e4 d6 2. d4 Nf6 3. Nc3 g6 4. Bg5 Bg7 5. Qd2 h6 6. Bh4 g5 (6... Nbd7 7. f4 (
7. O-O-O g5 8. Bg3 Nh5 9. Nge2 c5 10. f3 Nxg3 11. hxg3 a6 12. f4 Qa5 13. Kb1 g4
14. Nd5 Qd8 15. Ne3 Nf6 16. Nc3 cxd4 17. Qxd4 Nh5 18. e5 Nxg3 19. Rg1 Be6 $17 {
0-1 Tiviakov,S-Gurevich,D/Las Vegas USA 1999 (33)}) 7... c5 8. d5 Qa5 (8... a6
9. Nf3 g5 $5 10. fxg5 hxg5 11. Bxg5 b5 12. a3 b4 13. axb4 cxb4 14. Bxf6 Nxf6
15. Na4 Nxe4 16. Qxb4 Bf5 $44 {0-1 Gofshtein,L-Chernin,A/Corsican Open, Bastia
FRA 1998 (24)}) (8... Qb6 9. Rb1 Nh5 10. Nge2 O-O 11. g4 g5 12. fxg5 Ne5 13.
Bg2 hxg5 14. Qxg5 Bxg4 15. h3 Bxe2 16. Nxe2 Nf6 17. O-O $36 {0-1 Onischuk,
A-Ponomariov,R/Zone 1998 (39)}) 9. Nf3 Qb4 10. Bd3 c4 11. Be2 Qxb2 12. O-O Ng4
13. Nd4 Qb6 14. Rfd1 Ngf6 15. Rab1 Qa5 16. Bf3 O-O 17. Re1 Qc7 18. Ncb5 c3 19.
Qd3 Qc5 20. Bf2 $16 {1/2-1/2 Shabalov,A-Smirin,I/Philadelphia 1997/CBM 60 ext 
(52)}) 7. Bg3 Nh5 8. O-O-O (8. Nge2 Nc6 9. O-O-O a6 10. Nd5 f5 11. exf5 Bxf5
12. h4 g4 13. Ndf4 Nxf4 14. Bxf4 Qd7 15. Be3 O-O-O 16. Ng3 Bg6 17. h5 Bh7 18.
Be2 Rdg8 19. Kb1 Kb8 20. Bd3 Bxd3 21. Qxd3 e6 22. Ne2 Nb4 23. Qb3 Nd5 $11 {
1-0 Van den Doel,E-Van der Hoeven,G/Haarlem NED 1999 (53)}) 8... Nc6 9. Qe3 (9.
Bb5 Bd7 10. Nge2 a6 11. Bxc6 bxc6 12. f4 Rb8 13. Bf2 Qc8 14. f5 Qb7 15. b3 Qb4
16. g4 Nf6 17. h3 O-O 18. e5 Nd5 19. Nxd5 Qa3+ 20. Kb1 cxd5 21. h4 $40 {
1-0 Zelcic,R-Praznik,A/10th Open, Ljubljana SLO 1999 (33)}) (9. d5 Nd4 10. Nb1
c6 11. Na3 Bd7 12. Qe3 Nb5 13. Nc4 Nxg3 14. hxg3 Nc7 15. f4 gxf4 16. gxf4 cxd5
17. exd5 Kf8 18. Nf3 b5 19. Nce5 dxe5 20. fxe5 Be8 21. d6 exd6 22. exd6 Ne6 23.
d7 Bxd7 24. Ne5 $16 {1-0 Anand,V-Chernin,A/Paris 1995/CBM 49 ext (39)}) 9...
Bd7 10. Nge2 e6 11. h4 Qe7 12. Bh2 gxh4 $6 $146 (12... a6 13. g4 Nf6 14. f3
O-O-O 15. Kb1 Kb8 16. Bg1 Bc8 17. hxg5 hxg5 18. Rxh8 Rxh8 19. Ng3 d5 20. exd5
Nxd5 21. Nxd5 exd5 22. Qxe7 Nxe7 23. Be3 Nc6 24. c3 Bf6 25. Bd3 Rh3 26. Bf2 Be7
27. Rh1 Rxh1+ 28. Nxh1 $11 {1/2-1/2 Leko,P-Beliavsky,A/Ubeda 1997/CBM 58 (45)})
13. Bg1 O-O-O 14. g4 Nf6 15. f3 (15. Rxh4 $2 Nxe4) 15... Nh7 16. Bf2 e5 (16...
Bf6 $2 17. d5 {[%csl Ga7]} exd5 18. Nxd5 Qe5 19. Nxf6 Nxf6 20. Bxh4 $16) 17. d5
Nd4 18. Nxd4 $1 exd4 19. Rxd4 {Topalov seems to attract various rook
sacrifises on the d4 square in 99 ( although this time it's just an exchange
as opposed to Kasparov-Topalov/Wijk/99 where Kasparov sacked a whole rook on
d4)} Bxd4 20. Qxd4 b6 {Not quite black's dream but there's nothing better} (
20... c5 21. dxc6 Bxc6 22. Qxa7 $40) 21. Nb5 $1 {[%cal Yd4c3,Yb5d4]} Kb7 (21...
Bxb5 {is unthinkable, the white squares will become deadly.} 22. Bxb5 {[%cal
Gb5c6,Gd4c4,Gc4a6]}) 22. Qc3 Rc8 (22... Bc8 23. Nd4 Bd7 24. Qd3 $16) 23. Nd4
Qf6 (23... c5 24. dxc6+ Bxc6 25. Nxc6 Qd7 (25... Rxc6 26. Qxh8) 26. Ba6+ Kxa6
27. Qa3+ Kb7 28. Qxa7+ Kxc6 29. Qxb6#) 24. Qd3 {[%cal Gd3a6]} Ka8 25. Bxh4 Qf4+
26. Kb1 Nf8 (26... c5 27. dxc6 Bxc6 28. Nxc6 Rxc6 29. Qd5 $18) 27. Qc3 Ng6 (
27... Kb8 28. Ba6 (28. Nc6+ $2 Bxc6 29. Qxc6 Qxf3 $19)) 28. Ba6 Nxh4 (28... Rb8
29. Qxc7 $18) 29. Bxc8 Rxc8 30. Rxh4 $18 {Not only white has an extra pawn, he
has also a positionally winning position.} Kb7 31. a3 Rg8 32. Ne2 Qg5 33. Rh5
Qe7 34. Rxh6 f5 35. gxf5 Bxf5 36. Nd4 Bd7 37. Ne6 Bc8 38. f4 Rg4 39. Qc6+ Kb8
40. Rh8 {[%cal Gh8c8,Gc6a8,Ge6f8]} 1-0

[Event "ESP-chT Div 1"]
[Site "Cala Galdana"]
[Date "1999.11.10"]
[Round "3"]
[White "Movsziszian, Karen"]
[Black "Topalov, Veselin"]
[Result "0-1"]
[WhiteElo "2501"]
[BlackElo "2690"]
[PlyCount "94"]
[EventDate "1999.11.08"]
[EventType "team"]
[EventRounds "9"]
[EventCountry "ESP"]
[SourceTitle "EXT 2000"]
[Source "ChessBase"]
[SourceDate "1999.11.16"]
[SourceVersion "1"]
[SourceVersionDate "1999.11.16"]
[SourceQuality "1"]

1. g3 c5 2. Bg2 g6 3. e4 Bg7 4. d3 Nc6 5. f4 d6 6. Nf3 e5 7. Nc3 Nge7 8. O-O
O-O 9. Nd2 exf4 10. gxf4 Be6 11. Nf3 Qd7 12. Be3 Bg4 13. Qd2 Rac8 14. Nd1 b6
15. c4 Bxf3 16. Rxf3 Nd4 17. Rg3 f5 18. Nc3 b5 19. Bh3 bxc4 20. dxc4 Qb7 21.
Nb5 Nxb5 22. cxb5 Qxe4 23. Re1 Qd5 24. Bg2 Qxd2 25. Bxd2 Kf7 26. Ra3 Bd4+ 27.
Be3 Bxe3+ 28. Raxe3 Rc7 29. a4 Rb8 30. Kf2 Rb6 31. Bf1 d5 32. a5 Rd6 33. Bg2 c4
34. Re5 Rdd7 35. b6 axb6 36. axb6 Rc5 37. Ra1 Nc6 38. Re2 Rb5 39. Ra6 Rb7 40.
h4 Nb4 41. Ra8 R7xb6 42. Rae8 Rb7 43. h5 Nd3+ 44. Kg3 gxh5 45. Bf3 h4+ 46. Kxh4
Nxf4 47. Re1 Rb3 0-1